000 00622nam a2200229 a 4500
001 000029262
003 DO-SdBNP
005 20230210110240.0
007 ta
008 110427s2009 dr r 000 0 spa d
040 _aDO-SdBNP
_bspa
_cBNPHU
082 _axxxx
_bM953, 2009
_222
245 0 0 _aMujeres de febrero.
250 _a4a ed.
260 _aSanto Domingo :
_bSecretaría de Estado de la Mujer,
_c2009.
300 _a19 p. ;
_c22 cm.
504 _aBibliografía : p. 19
590 _aInventariado, 2023 / DG
650 _aMujeres
_xHistoria
_zRepública Dominicana
_935979
910 _aDG
942 _2ddc
_cLBS1
999 _c28754
_d28754